| 000 | 004280000a22001690004500 | ||
|---|---|---|---|
| 003 | MACL | ||
| 005 | 20160107130946.0 | ||
| 008 | 160107b xxu||||| |||| 00| 0 eng d | ||
| 040 |
_aMACL _cMACL |
||
| 041 | _aEnglish | ||
| 082 | _a824/STA | ||
| 100 |
_aStarkweather, Chauncey C _929206 |
||
| 245 | _aEssays of Americam Essayists | ||
| 260 |
_bThe Colonial Press _aLondon |
||
| 650 |
_aEssays _929207 |
||
| 942 |
_cBK _k824/STA _2ddc |
||
| 999 |
_c37502 _d37502 |
||